000 01569aaa a2200277 a 4500
003 BLK
005 20240229004009.0
007 ta
008 221104b bu |||||r|||| 00| | bu d
040 _aBLK
041 _aBUL
_cBUL
080 _aОпазване на околната среда
_b502
_x(497.215)
_z502(497.215)
080 _aЗамърсяване на въздуха
_b504.3.054
_x(497.215)
_z504.3.054(497.215)
100 1 _aГинкова, Ценка Стефанова
_gЖурналист
_954179
245 _aЕкологичният проблем на Русе – на вниманието на Световния съвет на мира
_bЦенка Гинкова
300 _aІ, № 51, 10 окт. 1990, с. 1.
520 _aПисмо на Общинския комитет за защита на мира в Русе до Световния съвет на мира относно екологичната драма на града
653 _9200037
_aхлор
653 _9186796
_aзамърсяване на въздуха
653 _9185988
_aекология
773 0 _tУТРО
_w292727
_dПресгрупа Утро 1990
_x1311-9397
_i. //
856 _i0.00
_linternal use only
_fЕкологичният проблем на Русе
_qpdf
_uhttp://185.138.176.146:18082/cgi-bin/koha/opac-retrieve-file.pl?id=3343be83abbf3af5977c0e215ee02864
_xebook
_zЕкологичният проблем на Русе
942 _2udc
_cSTA
_n0
944 _cКети Илиева
_k
_lCRON CRON
999 _c500994
_d500994
999 _d500994